| 000 | 01511nam a2200373Ia 4500 | ||
|---|---|---|---|
| 005 | 20220317001533.0 | ||
| 007 | ta | ||
| 008 | 210806s20162020ck a br 000 p spa d | ||
| 020 | _a9789583051630 | ||
| 040 |
_aCO-BoRNBP _bspa _erda _cCO-BoRNBP |
||
| 084 | _aP LIB1 | ||
| 245 | 0 | 3 |
_aEl libro de Antón Pirulero _cselección y textos de Sergio Andricaín y Antonio Orlando Rodríguez ; ilustraciones por Ivar Da Coll |
| 246 | 3 | 1 | _bCoplas, nanas, adivinanzas, retahílas |
| 250 |
_aSegunda edición _bSegunda reimpresión, Tercera reimpresión |
||
| 264 |
_aBogotá _bPanamericana Editorial _c2016 _c2019 _c2020 |
||
| 300 |
_a66 páginas _bilustraciones _c22 cm |
||
| 336 |
_atexto _btxt _2rdacontent |
||
| 337 |
_asin mediación _bn _2rdamedia |
||
| 338 |
_avolumen _bnc _2rdacarrier |
||
| 490 | _aQue pase el tren | ||
| 521 | _aRecomendado para un público infantil mayor de 6 años | ||
| 650 | 1 | 4 |
_aPoesía infantil colombiana _2LEMB |
| 650 | 1 | 4 |
_aLiteratura infantil colombiana _2LEMB |
| 650 | 1 | 4 |
_aCanciones en la literatura _2LEMB |
| 650 | 1 | 4 |
_aAdivinanzas en la literatura _2LEMB |
| 650 | 1 | 4 |
_aCanciones de cuna en la literatura _2LEMB |
| 650 | 1 | 4 |
_aJuegos en la literatura _2LEMB |
| 650 | 1 | 4 |
_aRimas infantiles en la literatura _2LEMB |
| 700 | 1 |
_aDa Coll, Ivar _d1962- _eilustrador _9387 |
|
| 700 | 1 |
_aRodríguez, Antonio Orlando _d1956- _eautor _99798 |
|
| 700 | 1 |
_aAndricaín Hernández, Sergio _d1956- _eautor _9179333 |
|
| 700 | 1 |
_aFonseca Leal, Raquel Mireya _eeditora _944433 |
|
| 942 |
_2loc _cBKLIT |
||
| 999 |
_c7280 _d7280 |
||